000 00747cam a2200265 4500
999 _c232615
_d232615
001 312463
003 Nust
005 20170221141926.0
008 731210s1970 enk 000 0beng
010 _a 73177098
015 _aGB70-09882
020 _a9780330447089
040 _aDLC
_cDLC
_dDLC
043 _ae-uk-en
050 0 0 _aSF613.H44
_bA29
082 0 0 _a636.0890924
_bHER
100 1 _aHerriot, James.
245 1 0 _aIf only they could talk.
260 _aLondon,
_bJoseph,
_c1970.
300 _a205 p.
_c23 cm.
350 _a30/-
600 1 0 _aHerriot, James.
650 0 _aVeterinarians
_zEngland
_zYorkshire
_xBiography.
906 _a7
_bcbc
_corignew
_d4
_encip
_f19
_gy-gencatlg
942 _2ddc
_cBK